Comprising of flexural strength of reinforced concrete beam using CFRP and steel jacketing (Record no. 553556)

000 -LEADER
fixed length control field 00427nam a22001457a 4500
082 ## - DEWEY DECIMAL CLASSIFICATION NUMBER
Classification number P-633
100 ## - MAIN ENTRY--PERSONAL NAME
Personal name Muhammad haroon saleem
9 (RLIN) 50814
245 ## - TITLE STATEMENT
Title Comprising of flexural strength of reinforced concrete beam using CFRP and steel jacketing
260 ## - PUBLICATION, DISTRIBUTION, ETC.
Place of publication, distribution, etc. Risalpur,
Name of publisher, distributor, etc. MCE,
Date of publication, distribution, etc. 2015.
300 ## - PHYSICAL DESCRIPTION
Extent 76p.
526 ## - STUDY PROGRAM INFORMATION NOTE
Program name 0
Interest level 0
Reading level 0
Title point value P_633
526 ## - STUDY PROGRAM INFORMATION NOTE
Program name 0
Interest level 0
Reading level 0
Title point value P_633
700 ## - ADDED ENTRY--PERSONAL NAME
Personal name Asst Prof Muhammad Iqbal
9 (RLIN) 50815
942 ## - ADDED ENTRY ELEMENTS (KOHA)
Source of classification or shelving scheme
Koha item type Book
Holdings
Withdrawn status Lost status Source of classification or shelving scheme Damaged status Not for loan Permanent Location Current Location Date acquired Total Checkouts Full call number Barcode Date last seen Price effective from Koha item type
          Military College of Engineering (MCE) Military College of Engineering (MCE) 07/09/2015   P-633 MCE-P-633 07/09/2015 07/09/2015 Book
          Military College of Engineering (MCE) Military College of Engineering (MCE) 07/09/2015   P-633 MCE-P-634 07/09/2015 07/09/2015 Book
© 2023 Central Library, National University of Sciences and Technology. All Rights Reserved.